The shroud of the thwacker

Bibliographic Details
Main Author: Elliott, Chris
Format: Book
Published: New York : Hyperion , 2005
Subjects:

MARC

LEADER 00000cam a2200000 7i4500
001 0000010749
005 20071030.0
008 071030
020 |a 1401352456 
090 0 0 |a ELL   |b ENG 
100 1 |a Elliott, Chris 
245 1 4 |a The shroud of the thwacker   |c Chris Elliott 
260 |a New York :   |b Hyperion ,   |c 2005 
650 0 |a English fiction 
650 0 |a Novel 
999 |a 0000997816   |b Book   |c Adult Collection   |e Perbadanan Perpustakaan Awam Johor